000 00873cam a2200265Ka 4500
001 5963135
005 20151020113026.0
008 980420t19981996nyu 000 1 eng d
020 _a9780743237185
035 _a(OCoLC)ocm38980797
035 _a(NNC)5963135
040 _aJDP
_cJDP
_dOCL
_dOCLCQ
043 _an-cn-ns
050 4 _aPR9199.3.M2985
_bF35 1998
100 1 _aMacDonald, Ann-Marie,
_d1958-
_920324
245 1 0 _aFall on your knees :
_ba novel /
_cAnn-Marie MacDonald.
260 _aNew York, NY :
_bScribner Paperback Fiction,
_c1998, c1996.
300 _a508 p. ;
_c21 cm.
650 0 _aFamilies
_zNova Scotia
_zCape Breton Island
_vFiction.
_920325
650 0 _aSisters
_zNova Scotia
_zCape Breton Island
_vFiction.
_920326
655 7 _aDomestic fiction.
_2lcsh
_920327
942 _2lcc
_cMONOGRAPH
948 1 _a20061215
_bc
_cvt2130
_dMPS
999 _c123539
_d123539